HGGSP terminale - Environnement - Statistiques

Statistiques générales
  • Ce quiz a été pris 217 fois
  • Le résultat moyen est 12 sur 117
Statistiques - réponses
Hint Réponse % Correct
Comment s'appelle le principal premier ministre de Louis XIV, ayant joué un rôle dans la gestion des forêts? Jean-Baptiste Colbert
88%
De quelle année date sa Grande Ordonnance? 1669
72%
À quel mot correspond la définition suivante: "utiliser les ressources pour produire des richesses"? Exploiter
66%
Quelle invention "démarre" la première Révolution Industrielle? La Machine à vapeur
40%
Où a lieu la COP21? Paris
36%
Comment s'appelle ce recueil de lois? Le Code Forestier
33%
À quel mot correspond la définition suivante: "interdire de faire"? Préserver
31%
À quel mot correspond la définition suivante: "réprimer l'utilisation"? Protéger
30%
En quelle année passe t-il? 1827
29%
Quand est créé le GIEC? 1988
27%
Quand a lieu le premier sommet de la terre? 1972
26%
Quelle limite de hausse de températures cette COP pose t-elle? Objectif 2°C maximum
26%
Quel mouvement artistique se définit par son désir de nature? Le romantisme
24%
Où a lieu le troisième? Rio
24%
Quel autre roi de France promulgue d'autres lois sur la forêt? Charles X
23%
Qui prononce le discours "Notre maison brûle et nous regardons ailleurs"? Jacques Chirac
23%
Où a t-il lieu? Stockholm
22%
Quelle période climatique s'ensuit? Le Petit Âge Glaciaire
21%
Quelles capitales (2) sont les plus victimes de la pollution liée à cette industrialisation de masse? Londres et paris
21%
Quel terme, courant de nos jours, y est défini? Développement durable
20%
Quel évènement progressif du début du XIXe ne s'accorde pas avec ce mouvement? La révolution industrielle
20%
Dans quel âge dit-on que ces révolutions amènent la Terre? (Néolithique et Industrielle) Anthropocène
19%
Dans quel but protège t-il les forêts? Les exploiter plus tard
19%
En quelle année sont boisées les Landes de Gascogne, sous Napoléon III? 1857
18%
Où a lieu la troisième? Kyoto
17%
Quel président du XXIe sape les efforts fournis par les États-Unis? Donald John Trump
16%
Quel conflit, notable, en découd deux ans plus tard? La Guerre des Demoiselles
16%
Comment appelle t-on le refus d'admettre l'influence de l'homme dans le dérèglement climatique malgré les nombreuses études scientifiques à ce sujet? Le climatoscepticisme
16%
À quelle intervalle ces sommets ont-ils lieu? Tous les 10 ans
16%
En quelle année se présente t-il aux présidentielles? 1974
14%
Quel score obtient-il? (arrondi à l'unité) 2%
14%
Quel rapport de 1972 appelle à une "halte à la croissance"? Le rapport Meadows
14%
Quel serait la grande invention de la quatrième Révolution Industrielle, en déroulement actuellement? L'intelligence artificielle
14%
Quel est le premier homme politique écologiste français? René Dumont
14%
En quelle année? 2002
13%
Quand est créée la réserve artistique de Fontainebleau, le premier site naturel protégé au monde? 1861
12%
En quelle année le Grand Smog de Londres a lieu, un nuage de pollution recouvrant la ville? 1952
12%
Que signifie le sigle COP? Conference of Parties
12%
Quel est le nom du club écologiste qu'il fonde à San Francisco en 1892? Le Sierra Club
12%
Quelle biologiste dénonce la pollution liée aux pesticides dans son livre? Rachel Carson
12%
Les COP sont critiquées pour être tenues dans des pays peu engagés dans la lutte contre le dérèglement climatique: où a lieu celle de 2023? À Dubaï
11%
Où a lieu celle de 2024? En Azerbaïdjan
11%
Durant cette période, de nombreux volcans entrent en éruption dans le monde: citez-en un. Santorin (Grèce), Vésuve (Italie), Fujiyama (Japon)...
11%
Où a lieu la première? Berlin
10%
Quel mouvement moral et pictural s'intéresse à la nature sauvage? La Wilderness
10%
Quelle période climatique a lieu au début du deuxième millénaire de notre ère? Le Petit Optimum Médiéval
10%
Quel plan en découd? Le protocole de Kyoto
10%
Que signifie son sigle? (attention à la précision de l'expression) Groupe d'experts intergouvernemental sur l'évolution du climat
8%
Quel ouvrier, suite à un accident, devient aveugle pendant 15 jours puis, par peur de le regretter, part explorer la nature? John Muir
8%
Citation de Bush junior: "le mode de vie américain n'est pas..." négociable
8%
Quel est le nom de celui-ci? Silent Spring
8%
Quand est défini "l'anthropocène" pour la première fois? 2000
7%
Où? À Johannesbourg
7%
Exemple en France: La région Nord-Pas-de-Calais
7%
Quelle période du XXe se caractérise par une hausse de l'envie de forêt comme récréation? Les 30 Glorieuses
7%
Quelles sont les conséquences des révolutions Industrielles en terme de répartition de la population (un terme de géographie)? L'exode rural
7%
De quel mot du Moyen-Âge est issu le terme "environnement"? Viron ou virer, ce qui signifie "tourner en rond"
7%
Quel chalutier est à l'origine d'une des plus grandes marées noires située dans la Manche? Le Torrey Canyon
6%
En quelle année le publie t-elle? 1962
5%
Exemple en Allemagne: La Ruhr
5%
Quels sont ses trois piliers? Social, économique, environnemental
5%
Quel président emmène t-il 3 jours à Yosemite afin de lui partager son amour de la nature? Théodore Roosevelt
5%
Quel président "préserve le préservable", créé entre autres 5 parcs nationaux, et de nombreuses réserves animales? Théodore Roosevelt
5%
En quelle année? 1967
4%
Combien de britanniques sont décédés à cause de la pollution entre 1840 et 1900? 1 million
4%
Quel est la principale raison de son échec? Il n'est pas contraignant
4%
À quel pesticide s'attaque t-elle en particulier? le DDT
4%
Quel dessin animé, créé en 1970, sensibilise les enfants à l'écologie? Les Barbapapa
4%
Quelle serait le domaine de la troisième Révolution Industrielle, entre le XX et le XXIe siècle? L'informatique
4%
En quelle année est-elle créée? 1784
3%
Sur quelles (2) énergies se base la deuxième Révolution Industrielle? Le pétrole et l'électricité
3%
Où a lieu le deuxième? Nairobi
3%
Quand est créé le Parc National de Yosemite? 1890
2%
En quelle année obtient-elle son interdiction? 1972
2%
En 2017 lors de l' "US climate alliance", combien d'états fédérés s'engagent à respecter les accords de Paris? 24
2%
Par quel état d'esprit les États-Unis refusent d'accepter des mesures contraignantes venant de l'étranger? Par esprit isolationniste
2%
Quel géographe parle de la "tyrannie des 3 pro"? Paul Arnould
2%
Sur quelle période s'étend-il? (AAAA-AA) 1932-68
1%
En quelle année Wangari Muta Maathai est-elle nommée prix Nobel de la paix pour son engagement contre la déforestation en Afrique depuis les années 70? 2004
1%
Citer un des deux grands artistes de l'école de Barbizon Camille Corot (Solitude, Forêt de Fontainebleau...) ou Jean-François Millet (L'angélus du soir, Le printemps...)
1%
Qu'est-ce que ce code permet/distribue? Des droits d'usage sur la forêt
1%
Qu'arrive t-il aux manifestations/émeutes d'Andalousie/Ashio de 1888 et 1907 contre la pollution des mines? Elles sont réprimées
1%
Quel étatsunien définit le mythe de la "frontier", une limite à toujours repousser vers l'ouest? Frederik Turner
1%
Qui est le premier chef du service forestier fédéral? Gifford Pinchot
1%
Quel intellectuel pratique "la désobéissance civile", arrête de payer ses impôts et va vivre dans les bois? Henry David Thoreau
1%
Comment le GIEC qualifie l'impact de l'homme sur son environnement dans ses rapports de 2021 et 2023? (expression précise) Il est "sans équivoque"
1%
Complétez sa citation: "Chez les pauvres la famine, chez les riches..." l'asphyxie
1%
Dans le cadre de quelle politique est créée la "US fish & wildlife services"? Le New Deal
1%
Dans quel fleuve des pesticides sont-ils déversés en 1969, tuant plus de 20.000 poissons et détruisant l'écosystème du fleuve? Le Rhin
1%
Exemple en Angleterre: Les Midlands
1%
Comment sont surnommés les régions les plus victimes de l'industrialisation? Les "pays noirs"
1%
Quel scandale de déchets toxiques au Japon est à l'origine du handicap de plus de 13.000 personnes? Minamata
1%
Quels sont-ils? Protégeons, promenons, produisons
1%
Qui Ronald Reagan envoie t-il lors du sommet de la Terre de 1982? Sa fille
1%
Quel film de Jacques-Yves Cousteau et Louis Malle remporte l'oscar du meilleur film étranger? Le monde du silence
1%
Quel est le nom de son ouvrage? L'utopie ou la mort
1%
Quel terme définit-il? "Wise use" ou "utilisation sage"
1%
Quand la Cour Suprême décrète qu'il "n'est pas anticonstitutionnel de s'attaquer aux pollutions industrielles"? 1915
0%
En quelle année? 1949
0%
En quelle année a lieu un smog à New York, faisant environ 200 morts? 1953
0%
Face au manque d'action fédérale, quelle forme prennent les états fédérés? Des regroupements (exemple: le RGGI à l'est)
0%
Quel autre président états-unien porte l'écologie politique en estime dans son programme? Franklin Delano Roosevelt
0%
Quel impact peut-on dire que le Néolithique a sur l'Homme et son milieu? Il les transforme
0%
Quel chef de cabinet de Bush en1988 effectue un travail de sape visant à discréditer les études scientifiques? John Sununu
0%
Quelle en est l'expression synonyme? "L'âge des humains"
0%
Dans quelle conférence parle t-on pour la première fois de l'épuisement des ressources? (ville) Lake Success
0%
Quelle loi fondatrice, peu précise, est votée à la fin des années 60 aux États-Unis? La loi NEPA
0%
Quelle école, basée à New York, suit ce courant? L'école de la Rivière Hudson
0%
Quel est le nom originel que B. Obama redonne à une chaîne de montagnes lors de son mandat? Le Mont Enali
0%
Quel est le nom "américanisé" que D. Trump lui redonne une fois à la Maison-Blanche? Le Mont McKinley
0%
Quel évènement de la fin du XXe siècle illustre le retournement de situation vis-à-vis de l'écologie politique aux États-Unis? (tentez d'autres formulations si cela ne marche pas) Le refus du protocole de Kyoto en 1997
0%
Qui accorde à la nature un côté divin, un lieu privilégié pour "ressentir Dieu"? (transcendantalisme) Ralph Emerson
0%
Quel autre président passe quelques législations pour limiter la pollution? Richard Nixon
0%
Quel misanthrope terroriste (envoie des colis piégés) dit: "l'utilisation de la violence est de la légitime défense [...] qu'est-ce qui fait le plus de victimes? La violence autorisée par les états ou non-autorisée par les individus?" Theodore Kaczynski
0%
Quel peintre popularise la beauté du paysage sauvage? Thomas Cole (Catskill Mountains, Morning...)
0%
Qui écrit Man makes himself / La naissance de la civilisation en 1923? Vere Gordon Childe
0%
Quel photographe médiatise ce scandale? William Eugène Smith
0%
Aucun quiz correspondant
Distribution des résultats
% des personnes avec chaque résultat
Percentile par nombre de réponses
Votre historique - résultats
Vous n’avez pas pris ce quiz